Statistics for Biggest Rock Band of Every Year

Click here to take the quiz!

General Stats

  • This quiz has been taken 89 times
  • The average score is 25 of 51

Answer Stats

YearAlbumAnswer% Correct
2019Bohemian RhapsodyQueen
97%
1976A Night at the OperaQueen
97%
1969Abbey RoadThe Beatles
92%
1994DookieGreen Day
87%
2004American IdiotGreen Day
87%
1980The WallPink Floyd
84%
1973Dark Side of the MoonPink Floyd
84%
2008Viva la VidaColdplay
83%
1992NevermindNirvana
83%
1975Physical GraffitiLed Zeppelin
77%
1971Untitled (ZOSO)Led Zeppelin
77%
1970Self Titled IILed Zeppelin
77%
1988Appetite For DestructionGuns 'N Roses
76%
1989Appetite For DestructionGuns 'N Roses
76%
2000Kid ARadiohead
73%
1997OK ComputerRadiohead
73%
1972Exile on Main St.The Rolling Stones
71%
1978Some GirlsThe Rolling Stones
71%
1981Tattoo YouThe Rolling Stones
71%
1987The Joshua TreeU2
71%
1977RumoursFleetwood Mac
69%
1991Self-Titled (The Black Album)Metallica
63%
1995(What's the Story?) Morning GloryOasis
61%
1983SynchronicityThe Police
47%
2001Hybrid TheoryLinkin Park
44%
2002ToxicitySystem of a Down
43%
2005Hot FussThe Killers
39%
1982Combat RockThe Clash
37%
1993Vs.Pearl Jam
33%
1996Mellon Collie and the Infinite SadnessSmashing Pumpkins
33%
1979The Long RunEagles
31%
1999The Battle of Los AngelesRage Against the Machine
29%
2014AMArctic Monkeys
28%
2010The SuburbsArcade Fire
27%
2007Echoes, Silence, Patience & GraceFoo Fighters
27%
2011Wasting LightFoo Fighters
27%
2003ElephantThe White Stripes
27%
2017BlurryfaceTwenty One Pilots
25%
1998Hello NastyBeastie Boys
24%
2012El CaminoThe Black Keys
24%
1986Life's Rich PageantR.E.M
21%
1984Speaking In TonguesTalking Heads
21%
2013Modern Vampire of the CitiesVampire Weekend
20%
2018Pray for the WickedPanic! at the Disco
19%
1990BossanovaPixies
16%
1985The Head on the DoorThe Cure
16%
2006From Under the Cork TreeFall Out Boy
13%
2016I Like It When You Sleep, for You Are So Beautiful yet So Unaware of ItThe 1975
9%
2015Sound & ColorAlabama Shakes
7%
2009Brand New EyesParamore
7%
1974Permanent WavesThe Band
5%

Score Distribution

Percentile by Number Answered

Percent of People with Each Score

Your Score History

You have not taken this quiz